Sudden Death - Nachbarländer Kroatiens - Statistiken

Allgemein
  • Dieses Quiz wurde 148 mal gespielt
  • Das Durchschnittsergebnis liegt bei 4 aus 6
Answers on the Grid
Answers color-coded by a green-red scale on the quiz's grid according to % correct below.
Slowenien🇸🇮
Ungarn🇭🇺
Serbien🇷🇸
Bosnien-Herzegowina🇧🇦
Montenegro🇲🇪
Kroatien🇭🇷
Albanien🇦🇱
Kosovo🇽🇰
Nordmazedonien🇲🇰
Griechenland🇬🇷
Türkei🇹🇷
Bulgarien🇧🇬
Rumänien🇷🇴
Österreich🇦🇹
Slowakei🇸🇰
Italien🇮🇹
Deutschland🇩🇪
Ukraine🇺🇦
Moldau🇲🇩
Spanien🇪🇸
Portugal🇵🇹
Frankreich🇫🇷
 
Antwortstatistiken
Antwort % Korrekt
Serbien🇷🇸
80%
Bosnien-Herzegowina🇧🇦
73%
Slowenien🇸🇮
73%
Kroatien🇭🇷
49%
Ungarn🇭🇺
47%
Montenegro🇲🇪
42%
Keine übereinstimmenden Quizze gefunden
Verteilung der Resultate
Anzahl Personen mit jedem Resultat
Perzentil nach korrekt beantworteten Fragen
Ihre Resultats-Entwicklung
Sie haben dieses Quiz noch nicht gespielt